Reading in the middle school

Kaydedildi:
Detaylı Bibliyografya
Yazar: Duffy, Gerald G (Yazar)
Materyal Türü: Kitap
Dil:İngilizce
Baskı/Yayın Bilgisi: Newark International Reading Association 1990
Edisyon:2a. ed
Konular:
Etiketler: Etiketle
Etiket eklenmemiş, İlk siz ekleyin!

MARC

LEADER 00000nam a2200000 a 4500
001 UCJ2995
003 CL-VaPUC
008 070119e19900000US |||||||||||||||||eng|d
020 |a 0872071219 
082 0 4 |a 428.40712  |b DUF  |2 21 
100 0 |a Duffy, Gerald G  |e author  |9 504093 
245 1 0 |a Reading in the middle school 
250 |a 2a. ed 
300 |a 235 p 
942 |c BK 
945 |d 20070119 00:00:00  |a lvergara 
260 |a Newark  |b International Reading Association  |c 1990 
500 |a Donación de la Dra. Marianne Peronard Thierry 
650 0 |a Comprensión de lectura  |9 307588 
650 0 |a Lengua inglesa  |9 318842 
650 0 |a Métodos de enseñanza  |9 270413 
583 |a last modification  |c 20070119 00:00:00  |k Rodrigo Vera 
999 |c 319119  |d 319117 
952 |0 0  |1 0  |4 0  |6 428_407120000000000_DUF_1990  |7 0  |8 A  |9 397359  |a FDOPOS  |b FDOPOS  |d 2019-11-22  |i 4311884  |o 428.40712 DUF 1990  |p 4311884  |r 2025-01-22  |w 2019-11-22  |y BK  |k MLA